| 000 | 00918cam a2200193 4500 | ||
|---|---|---|---|
| 001 | X115651 | ||
| 008 | 011121n2001 000 0 eng u | ||
| 035 | _a(Sirsi) u115651 | ||
| 245 | _aBhullar v McArdle | ||
| 260 | _c2001 | ||
| 490 |
_aProperty, Planning and Compensation Reports _v[2001] 82 P&CR 481-493(13) |
||
| 520 | _aCA 10 April 2001. Oral agreeement between registered owners of land to transfer parcels of land. No legal transfer and nothing registered at HM Land Registry. Rectification of Register. Whether oral agreement bound successors in title to part of land. Whether over-riding interest. Whether estoppel. Mutual benefit and burden. Land Registration Act 1925 s70(1)(g). Land Registration Rules 1925. (Taken from Journal Abstract) | ||
| 650 | _aBHULLAR V MCARDLE | ||
| 650 | _aORAL AGREEMENT | ||
| 650 | _aRECTIFICATION | ||
| 650 | _aCASE LAW | ||
| 690 | _aPROPERTY | ||
| 942 | _n0 | ||
| 999 |
_c68876 _d68876 |
||